[Event "UKR-ch U14 Girls"]
[Site "Chernivtsi"]
[Date "2017.02.04"]
[Round "5"]
[White "Dziatko, Evgeniya"]
[Black "Hrebenshchykova, Yelyzaveta"]
[Result "0-1"]
[WhiteElo "1736"]
[BlackElo "1636"]
[PlyCount "87"]
[EventDate "2017.02.01"]
[EventType "tourn"]
[EventRounds "11"]
[EventCountry "UKR"]
[SourceTitle "CBM 176 Extra"]
[Source "ChessBase"]
[SourceDate "2017.03.02"]
[SourceVersion "1"]
[SourceVersionDate "2017.03.02"]
[SourceQuality "1"]

1. e4 c5 2. Nc3 e6 3. g3 Nc6 4. Bg2 g6 5. Nge2 Bg7 6. 0-0 Nge7 7. f4 d5 8. d3 0-0 9. Bd2 d4 10. Na4 b6 11. c4 dxc3 12. Bxc3 Ba6 13. Bxg7 Kxg7 14. Rf3 Nb4 15. Nc1 Qd4+ 16. Kh1 Rad8 17. Nb3 Qd7 18. Naxc5 bxc5 19. Nxc5 Qb5 20. Nxa6 Nxa6 21. Qd2 Qb4 22. Qe2 Rd4 23. a3 Qd6 24. Rc1 Rd8 25. Rc3 Nc7 26. g4 f5 27. exf5 exf5 28. Re3 Ned5 29. Bxd5 Nxd5 30. Re6 Nxf4 31. Rxd6 Nxe2 32. Rxd8 Rxd8 33. Rc7+ Kg8 34. gxf5 gxf5 35. Rxa7 Rxd3 36. b4 f4 37. Kg2 f3+ 38. Kf2 Nf4 39. Kg3 Ne2+ 40. Kf2 Nc3 41. Re7 Nd1+ 42. Kf1 f2 43. Ke2 Rf3 44. Kxf3 0-1

[Event "UKR-ch U14 Girls"]
[Site "Chernivtsi"]
[Date "2017.02.01"]
[Round "1"]
[White "Dziatko, Evgeniya"]
[Black "Vidruk, Mariya"]
[Result "0-1"]
[WhiteElo "1736"]
[BlackElo "1635"]
[PlyCount "157"]
[EventDate "2017.02.01"]
[EventType "tourn"]
[EventRounds "11"]
[EventCountry "UKR"]
[SourceTitle "CBM 176 Extra"]
[Source "ChessBase"]
[SourceDate "2017.03.02"]
[SourceVersion "1"]
[SourceVersionDate "2017.03.02"]
[SourceQuality "1"]

1. c4 e5 2. Nc3 Nf6 3. g3 d5 4. cxd5 Nxd5 5. Bg2 Nb6 6. e3 Be7 7. Nge2 c6 8. d4 exd4 9. Qxd4 0-0 10. Qxd8 Rxd8 11. Nd4 Bf6 12. Nce2 N8d7 13. 0-0 Nc5 14. b4 Ne6 15. Bb2 Nxd4 16. Bxd4 Bxd4 17. Nxd4 Nd5 18. a3 Nc7 19. Rfc1 Ne6 20. Ne2 Bd7 21. Rd1 Be8 22. Nc3 Kf8 23. f4 f6 24. f5 Ng5 25. h4 Nf7 26. Bf3 Ne5 27. Be2 Bf7 28. Rab1 Bc4 29. e4 Bxe2 30. Nxe2 Nc4 31. Nd4 Ke7 32. Rb3 a5 33. Rc3 Ne5 34. Kg2 axb4 35. axb4 Ra2+ 36. Kh3 Rb2 37. b5 Rxb5 38. Nxb5 Rxd1 39. Nc7 Re1 40. Ne6 g6 41. Rb3 b5 42. Rb4 Nc4 43. Nf4 gxf5 44. exf5 Nd6 45. Rb3 Nxf5 46. Ra3 Kf7 47. Kg4 Re3 48. Ra7+ Ne7 49. Rb7 Rb3 50. Ne2 c5 51. Nf4 Rb1 52. Nd5 Re1 53. Nxe7 Rxe7 54. Rxb5 Rc7 55. Kf5 c4 56. Rb2 c3 57. Rc2 Rc5+ 58. Ke4 Kg6 59. Kd4 Rc8 60. Ke4 h5 61. Ke3 Kf5 62. Kf3 Rc7 63. Ke3 Kg4 64. Kf2 Kh3 65. Kf3 Rg7 66. Rg2 Rd7 67. Rg1 Rd3+ 68. Kf4 Kh2 69. Rc1 Kg2 70. Rc2+ Kh3 71. Rc1 Rxg3 72. Rc2 Rg4+ 73. Kf5 Rc4 74. Kxf6 Kxh4 75. Ke5 Kg3 76. Kd5 Rc8 77. Kd4 h4 78. Re2 c2 79. Re3+ 0-1

[Event "EU-ch U12 Girls 26th"]
[Site "Prague"]
[Date "2016.08.27"]
[Round "9"]
[White "Stepanyan, Eva"]
[Black "Dziatko, Evgeniya"]
[Result "1-0"]
[WhiteElo "1780"]
[BlackElo "1709"]
[PlyCount "71"]
[EventDate "2016.08.18"]
[EventType "swiss"]
[EventRounds "9"]
[EventCountry "CZE"]
[SourceTitle "CBM 174 Extra"]
[Source "ChessBase"]
[SourceDate "2016.10.10"]
[SourceVersion "1"]
[SourceVersionDate "2016.10.10"]
[SourceQuality "1"]

1. e4 c5 2. Nf3 Nc6 3. d4 cxd4 4. Nxd4 Nf6 5. Nc3 e5 6. Ndb5 d6 7. Bg5 a6 8. Na3 b5 9. Nd5 Be6 10. Bxf6 gxf6 11. c4 b4 12. Nc2 a5 13. Bd3 Bg7 14. Qd2 Rb8 15. Nce3 Nd4 16. Bc2 Bh6 17. Ba4+ Kf8 18. Qd1 f5 19. exf5 Nxf5 20. Nxf5 Bxf5 21. Qf3 Qg5 22. Ne3 Be6 23. Rd1 Qe7 24. Nf5 Bxf5 25. Qxf5 Rd8 26. 0-0 Qh4 27. c5 Rg8 28. Bb3 Rg7 29. Rxd6 Bf4 30. Rxd8+ Qxd8 31. Rd1 Bd2 32. c6 a4 33. Bxa4 Rg5 34. Qd7 Rxg2+ 35. Kxg2 Qg5+ 36. Kh1 1-0

[Event "EU-ch U12 Girls 26th"]
[Site "Prague"]
[Date "2016.08.26"]
[Round "8"]
[White "Levitan, Ronit"]
[Black "Dziatko, Evgeniya"]
[Result "0-1"]
[WhiteElo "1793"]
[BlackElo "1709"]
[PlyCount "80"]
[EventDate "2016.08.18"]
[EventType "swiss"]
[EventRounds "9"]
[EventCountry "CZE"]
[SourceTitle "CBM 174 Extra"]
[Source "ChessBase"]
[SourceDate "2016.10.10"]
[SourceVersion "1"]
[SourceVersionDate "2016.10.10"]
[SourceQuality "1"]

1. e4 c5 2. c3 g6 3. d4 cxd4 4. cxd4 d5 5. exd5 Nf6 6. Nc3 Nxd5 7. Qb3 Nb6 8. d5 Bg7 9. Be3 0-0 10. Rd1 N8d7 11. Nf3 Ne5 12. Nxe5 Bxe5 13. Bh6 Re8 14. Be2 Bd7 15. Rd2 Qc7 16. h3 Rac8 17. Nd1 e6 18. Ne3 exd5 19. 0-0 Be6 20. Qd1 f5 21. Bf3 d4 22. Rc2 Qd7 23. Rxc8 Rxc8 24. Nc2 Bxa2 25. Qa1 Bd5 26. Bxd5+ Nxd5 27. Re1 Bf6 28. Na3 Nb4 29. Qd1 Qd5 30. Qa4 Nc6 31. Nc2 Bg7 32. Bxg7 Kxg7 33. Rd1 Rd8 34. b3 Qe4 35. Qb5 Qxc2 36. Qxb7+ Kh6 37. Re1 d3 38. Qc7 Rd4 39. Qg3 d2 40. Qe3+ f4 0-1

[Event "EU-ch U12 Girls 26th"]
[Site "Prague"]
[Date "2016.08.24"]
[Round "6"]
[White "Lehaci, Miruna Daria"]
[Black "Dziatko, Evgeniya"]
[Result "1/2-1/2"]
[WhiteElo "1860"]
[BlackElo "1709"]
[PlyCount "150"]
[EventDate "2016.08.18"]
[EventType "swiss"]
[EventRounds "9"]
[EventCountry "CZE"]
[SourceTitle "CBM 174 Extra"]
[Source "ChessBase"]
[SourceDate "2016.10.10"]
[SourceVersion "1"]
[SourceVersionDate "2016.10.10"]
[SourceQuality "1"]

1. d4 Nf6 2. Bg5 d5 3. Nf3 h6 4. Bxf6 gxf6 5. Nbd2 Bg4 6. c4 c6 7. Qb3 Bc8 8. e3 Bg7 9. Rc1 0-0 10. Be2 e5 11. cxd5 cxd5 12. Rc5 b6 13. Rxd5 Qe7 14. Bc4 Bb7 15. Nh4 Qc7 16. Nf5 Nc6 17. Rd6 exd4 18. exd4 Nxd4 19. Rxd4 Qe5+ 20. Qe3 Qxf5 21. 0-0 Qg6 22. f3 Rfe8 23. Qb3 Re7 24. Qb4 Rc7 25. Qd6 Rac8 26. Rg4 Qh5 27. Qg3 Qc5+ 28. Kh1 Qf8 29. Bd3 Rd7 30. Bf5 Rxd2 31. Bxc8 Bxc8 32. Re4 Be6 33. Rh4 Kh7 34. b3 f5 35. Ra4 a5 36. Qf4 Qd8 37. h3 Rd1 38. Rg1 Rxg1+ 39. Kxg1 Qd1+ 40. Kf2 Qc2+ 41. Kf1 Qd1+ 42. Kf2 Bc3 43. Qe3 Qd2+ 44. Qxd2 Bxd2 45. Rd4 Bb4 46. Ke2 Kg7 47. Rd8 b5 48. Rb8 Bd7 49. Rb7 Be8 50. Rb8 Kf8 51. Rb6 Bc5 52. Rxh6 a4 53. Rh8+ Ke7 54. h4 axb3 55. axb3 Bd4 56. Rg8 f6 57. Rh8 f4 58. Kd3 Ba1 59. h5 Bf7 60. h6 Bxb3 61. Ra8 Be5 62. h7 f5 63. h8Q Bc4+ 64. Kc2 Bxh8 65. Rxh8 Kf6 66. Kc3 Bf1 67. Rf8+ Ke6 68. Re8+ Kf7 69. Re5 Kf6 70. Rc5 Bxg2 71. Rxb5 Bxf3 72. Kd2 Kg5 73. Ke1 Be4 74. Kf2 f3 75. Rb4 Kf4 1/2-1/2

[Event "EU-ch U12 Girls 26th"]
[Site "Prague"]
[Date "2016.08.18"]
[Round "1"]
[White "Dziatko, Evgeniya"]
[Black "Rahulan, Thivyaa"]
[Result "1/2-1/2"]
[WhiteElo "1709"]
[BlackElo "1428"]
[PlyCount "74"]
[EventDate "2016.08.18"]
[EventType "swiss"]
[EventRounds "9"]
[EventCountry "CZE"]
[SourceTitle "CBM 174 Extra"]
[Source "ChessBase"]
[SourceDate "2016.10.10"]
[SourceVersion "1"]
[SourceVersionDate "2016.10.10"]
[SourceQuality "1"]

1. e4 e6 2. d4 d5 3. Nd2 Nf6 4. e5 Nfd7 5. Bd3 c5 6. c3 Nc6 7. Ne2 Qb6 8. Nf3 cxd4 9. cxd4 f6 10. exf6 Nxf6 11. 0-0 Bd6 12. Re1 0-0 13. Bf4 Bxf4 14. Nxf4 Re8 15. b3 Bd7 16. Rc1 Rac8 17. Qd2 a5 18. Bb1 Re7 19. h3 Rce8 20. Re3 Rf8 21. Rce1 Ne4 22. Bxe4 Rxf4 23. Bxd5 Nxd4 24. Nxd4 Rxd4 25. Rd3 Rxd3 26. Qxd3 Rf7 27. Bf3 Qc7 28. Rd1 Re7 29. Qd6 Bb5 30. Bg4 Qxd6 31. Rxd6 e5 32. Be6+ Kf8 33. Rd8+ Re8 34. Rxe8+ Kxe8 35. f3 Ke7 36. Bd5 b6 37. Kf2 Kd6 1/2-1/2